LEADER 01357nam 2200385 450 001 000005711 005 20050718115200.0 010 $a88-203-1644-7 100 $a20001103d1987----km-y0itay0103----ba 101 0 $aita 102 $aIT 200 1 $aStampi e lavorazione della lamiera$eAd uso pratico e didattico$fVittorio Ariosi, Claudio Marzi 205 $a2. ed. 210 $aMilano$cHoepli$dc1987 215 $a309 p.$cill.$d24 cm. 606 $aLamiere$xLavorazione 676 $a671.33$v(20. ed.)$9Lavorazione dei metalli e prodotti metallici primari. Stampaggio e fucinatura 700 1$aAriosi,$bVittorio$0439619 701 1$aMarzi,$bClaudio$0439620 801 0$aIT$bUniversità della Basilicata - B.I.A.$gRICA$2unimarc 912 $a000005711 996 $aStampi e lavorazione della lamiera$974267 997 $aUNIBAS BAS $aMONING BAS $aMONOGR BAS $aINGEGNERIA CAT $aTORRE$b20$c20001103$lBAS01$h1247 CAT $aTORRE$b20$c20001103$lBAS01$h1248 CAT $c20050601$lBAS01$h1753 CAT $abatch$b01$c20050718$lBAS01$h1048 CAT $c20050718$lBAS01$h1108 CAT $c20050718$lBAS01$h1138 CAT $c20050718$lBAS01$h1152 FMT Z30 -1$lBAS01$LBAS01$mBOOK$1BASA2$APolo Tecnico-Scientifico$2DID$BDidattica$3PTS.s1.p49.17$656736$5I56736$820001103$f04$FPrestabile Didattica LEADER 02638nam 2200685Ia 450 001 9910457000703321 005 20200520144314.0 010 $a0-470-60642-8 010 $a1-282-48302-1 010 $a9786612483028 010 $a0-470-60639-8 035 $a(CKB)2550000000006417 035 $a(EBL)479870 035 $a(OCoLC)593239988 035 $a(SSID)ssj0000338117 035 $a(PQKBManifestationID)11297338 035 $a(PQKBTitleCode)TC0000338117 035 $a(PQKBWorkID)10295659 035 $a(PQKB)11563646 035 $a(MiAaPQ)EBC479870 035 $a(Au-PeEL)EBL479870 035 $a(CaPaEBR)ebr10361018 035 $a(CaONFJC)MIL248302 035 $a(EXLCZ)992550000000006417 100 $a20091211d2010 uy 0 101 0 $aeng 135 $aur|n|---||||| 181 $ctxt 182 $cc 183 $acr 200 10$aGet seen$b[electronic resource] $eonline video secrets to building your business /$fSteve Garfield 210 $aHoboken, NJ $cJohn Wiley & Sons$d2010 215 $a1 online resource (350 p.) 225 1 $aNew Rules Social Media Series 300 $aIncludes index. 311 $a0-470-52546-0 327 $aGet Seen: Online Video Secrets to Building Your Business; Contents; Foreword; Introduction; Creating; Sharing; Interviews; Acknowledgments; About the Author; Index 330 $aThe era of online video has arrived-now make it work for your business In the last year, the world of online video exploded. Hollywood got into the game, professional actors and writers joined in, and independent producers looked to find their niche. Now, companies are wide awake to the opportunities for product and brand promotion as well as customer engagement. So how do you want to fit into the new online video universe? The must-have guide, Get Seen by Steve Garfield, the ""Paul Revere of video blogging,"" offers a quick and complete toolkit to get you up to speed on the 410 0$aNew Rules Social Media Series 606 $aBlogs 606 $aDigital video 606 $aWebcasting 606 $aInternet videos 606 $aOnline social networks$xEconomic aspects 608 $aElectronic books. 615 0$aBlogs. 615 0$aDigital video. 615 0$aWebcasting. 615 0$aInternet videos. 615 0$aOnline social networks$xEconomic aspects. 676 $a658.800284 676 $a659.2028567876 700 $aGarfield$b Steve$0999684 801 0$bMiAaPQ 801 1$bMiAaPQ 801 2$bMiAaPQ 906 $aBOOK 912 $a9910457000703321 996 $aGet seen$92294721 997 $aUNINA LEADER 01138oam 2200373z- 450 001 9910160326203321 005 20180425080505.0 010 $a9780823438136 010 $a0823438139 035 $a(CKB)3710000001025620 035 $a(EXLCZ)993710000001025620 100 $a20210505c2017uuuu -u- - 101 0 $aeng 200 10$aPeeper and Zeep /$fAdam Gudeon 210 $cHoliday House 311 08$a9780823436743 311 08$a0823436748 330 $a"Peeper, a chick who has injured his wing, and Zeep, an alien who has crashed his spaceship, hope Frog, an inventor can help them return to their homes"--$cProvided by publisher. 606 $aChickens$vFiction 606 $aAnimals$xInfancy$vFiction 606 $aExtraterrestrial beings$vFiction 606 $aFrogs$vFiction 606 $aHelpfulness$vFiction 615 1$aChickens 615 1$aAnimals$xInfancy 615 1$aExtraterrestrial beings 615 1$aFrogs 615 1$aHelpfulness 676 $a[E] 700 $aGudeon$b Adam$01247972 906 $aBOOK 912 $a9910160326203321 996 $aPeeper and Zeep$92892769 997 $aUNINA